000
00329nam a2200133Ia 4500
008
191014s9999 xx 000 0 und d
020
_a
978-325-4242-6
082
_a
515
_b
WEI
100
_a
Maurice D.Weir, Joel Hass
_9
10944
245
0
_a
Thomas Calculus(Twelfth Edition)
260
_c
2017
300
_a
Xiii,988
942
_c
BK
999
_c
531348
_d
531348